| 000 | 00410nam a2200169Ia 4500 | ||
|---|---|---|---|
| 008 | 180207s9999 xx 000 0 und d | ||
| 020 | _a9780735820074 | ||
| 050 | _bG659 2005 | ||
| 100 | _aGoppel, Christine. | ||
| 245 | _aAnna Aphid / | ||
| 245 | _cChristine Goppel. | ||
| 260 | _aNew York : | ||
| 260 | _bNorth-South Books, | ||
| 260 | _c2005 | ||
| 300 | _aunpaged : | ||
| 300 | _bcolor illustration ; | ||
| 999 |
_c355101 _d355101 |
||